000
00247nam a22000977a 4500
999
_c
10555
_d
10555
008
180219b ||||| |||| 00| 0 eng d
020
_a
9788188553716
100
_a
Chugh,R.K.
_9
6460
245
_a
Digitech-VIII
260
_a
New Delhi
_b
G. Ram Books
_c
2013